| 000 | 00955nmm a2200313 a 4500 | ||
|---|---|---|---|
| 003 | AR-BaBNM | ||
| 005 | 20251128210947.0 | ||
| 008 | 011101s1991 ||||||||||||||000 | spa|| | ||
| 020 | _a950-99188-6-5 | ||
| 040 | _cAR-BaBNM | ||
| 100 | 1 | _aCuenca, Elvira Concepción | |
| 245 | 1 | 0 |
_aEl aula taller en lectoescritura _b[primer ciclo] |
| 250 | _a3ª | ||
| 260 |
_aBuenos Aires _bNovelibro _c1991 |
||
| 300 | 0 |
_a333 p. _bgráf., tablas |
|
| 500 | 1 | _aContiene anexos con sugerencias para el docente, actividades y recursos | |
| 504 | _aContiene bibliografía p. 329-333 | ||
| 600 | 1 | 4 | _aMistral, Gabriela |
| 650 | 4 | _aMETODOS DE ENSENANZA | |
| 650 | 4 | _aENSENANZA DE LA ESCRITURA | |
| 650 | 4 | _aENSENANZA DE LA LECTURA | |
| 650 | 4 | _aENSENANZA DE LA ORTOGRAFIA | |
| 650 | 4 | _aPROCESO DE APRENDIZAJE | |
| 653 | 0 | _aLECTOESCRITURA | |
| 653 | 0 | _aPRIMER CICLO DE LA EGB | |
| 653 | 0 | _aAULA-TALLER | |
| 653 | 0 | _aENSENANZA DE LA LENGUA | |
| 942 | _cBK | ||
| 999 |
_c17648 _d17648 |
||